[Event "Petrov Memorial op"]
[Site "St Petersburg"]
[Date "2000.02.15"]
[Round "8"]
[White "Kupreichik, Viktor D"]
[Black "Kabanov, Nikolai"]
[Result "1-0"]
[WhiteElo "2480"]
[BlackElo "2330"]
[Annotator "Finkel,A"]
[PlyCount "113"]
[EventDate "2000.02.05"]
[EventType "swiss"]
[EventRounds "9"]
[EventCountry "RUS"]
[SourceTitle "CBM 076"]
[Source "ChessBase"]
[SourceDate "2000.05.31"]
[SourceVersion "1"]
[SourceVersionDate "2000.05.31"]
[SourceQuality "1"]

1. e4 e6 2. Nc3 d5 3. d4 Nf6 4. Bg5 dxe4 5. Nxe4 Be7 6. Bxf6 Bxf6 7. Nf3 O-O 8.
Qd2 b6 9. O-O-O Bb7 10. Qf4 c5 $6 {Dubious move after which the rest of the
game black has to defend inferior endgame.} (10... Be7 11. Bd3 Nd7 12. Neg5 (
12. Rhe1 a5 13. h4 Nf6 14. Nxf6+ Bxf6 15. Be4 Bd5 $10 {Timman,J-Ehlvest,J/
Belfort WCUP/1988/}) (12. h4 Nf6 (12... Qb8 13. Ne5 c5 14. g3 Nxe5 15. dxe5 f5
$15 {Kharlov,A-Dreev,A/St.Petersburg zt/1992/}) 13. Neg5 (13. c3 Nxe4 14. Bxe4
Bxe4 15. Qxe4 Qd5 16. Qxd5 exd5 17. Rhe1 Rfe8 18. Kc2 f6 {0,5/Vogt,L-Espig,L/
Dortmund B/1990/}) (13. Nxf6+ Bxf6 14. Ng5 g6 (14... h6 15. Nh7 Re8 16. Nxf6+
Qxf6 17. Qxf6 gxf6 18. f3 f5 $10 {Van der Wiel,J-Dokhoian,Y/Wijk/1990/}) 15.
Be4 Bd5 16. Kb1 Bg7 17. Nf3 Qf6 $10 {Hector,J-Liiva,R/Rilton Cup/1992/}) 13...
Bxf3 14. Nxf3 Qd6 15. Ne5 c5 (15... Nd5 16. Qe4 Nf6 17. Qe2 c6 18. g4 $14 {
Voigt,M-Peter,C/Hamburg ch/1992/}) 16. dxc5 Qxc5 17. Rhe1 Rad8 $10 {Minasjan,
A-Tukmakov,V/Lvov zt/1990/} (17... Rac8 18. Kb1 Rfd8 19. g4 Bd6 20. g5 Bxe5 21.
Qxe5 {0,5/Nunn,J-Gurevich,M/Beograd/1991/})) (12. Kb1 Nf6 13. c4 Qb8 14. d5 c5
(14... exd5 15. Nxf6+ Bxf6 16. Qf5 $16 {Strikovic,A-Kovacevic,V/JUG-ch/1989/})
15. d6 Bxe4 16. Bxe4 Bxd6 17. Bxh7+ Kxh7 18. Ng5+ {0,5/Sokolov,A-Vaganjan,R/
USSR-ch/1989/}) 12... Bxg5 13. Nxg5 Nf6 14. Nf3 Qd6 15. Ne5 c5 16. dxc5 Qxc5
$10 {Polgar,J-Lputian,S/Biel izt 1993 (46)}) (10... Nd7 11. Bd3 (11. Ne5 Be7
12. h4 Nf6 13. Nxf6+ Bxf6 14. Rh3 a5 15. Bd3 c5 16. dxc5 Qb8 $13 {Mohr,
G-Kovacevic,V/Vidmar-mem/1989/}) (11. Bc4 Bd5 (11... Bxe4 12. Qxe4 Be7 13. Ne5
Nf6 14. Qf3 $14 {Kindermann,S-Chernin,A/Dortmund/1990/}) 12. Bd3 Be7 13. c4 Bb7
14. h4 Nf6 15. Ne5 a6 16. Nxf6+ Bxf6 17. Be4 Bxe4 18. Qxe4 Bxe5 19. dxe5 Qe7
$10 {Hubner,R-Gurevich,M/BL/1992/}) 11... Qb8 12. Ne5 c5 13. Nxf6+ Nxf6 14.
Rhe1 $14 {Ljubojevic,L-Quinteros,M/Orense/1975/}) (10... Bxe4 11. Qxe4 Qd5 12.
Bd3 g6 13. c4 Qxe4 14. Bxe4 c6 15. Ne5 Rc8 16. f4 $14 {Von Kiedrowski,K-Adair,
R/Hessenliga 1994}) 11. Nxf6+ Qxf6 12. Qxf6 gxf6 13. dxc5 bxc5 14. Be2 $14 Rc8
(14... Nc6 15. Rd7 Rab8 16. Rhd1 Rfd8 17. c3 Kf8 18. Rc7 $5 $16) 15. Rhe1 Kf8
16. g3 Na6 (16... Ke7 $6 17. Nh4 $1 Nc6 18. Bd3 $16 {[%csl Rh7][%cal Gh4f5,
Gf5d6]}) 17. Nd2 (17. Rd7 Bc6 18. Rd2 Rd8 $5 19. Red1 Rxd2 20. Nxd2 $14) 17...
Nb4 18. a3 Nc6 19. Nb3 $6 {So far white has played accurately and he managed
to increase the advantage,but now he chooses the wrong way and move by move
black gets closer and closer to the equality.} (19. Ne4 $1 Nd4 20. Bc4 (20. Nd6
$6 Nxe2+ 21. Rxe2 Bf3 22. Nxc8 Bxe2 23. Re1 Bf3 $13) 20... Bxe4 21. Rxe4 Rd8
22. Re3 $16) 19... Ne7 20. Na5 Bd5 21. c4 $6 {Significiently weakening square
d4.} Bc6 22. Rd6 Rab8 23. Bd3 (23. Red1) 23... Ba4 24. Be4 Rb6 25. Nb7 Rb8 $5 (
25... Rxd6 26. Nxd6 Rd8 27. Nb7 Rd4 28. Na5 f5 29. Bg2 $16 {[%csl Rc5][%cal
Gb2b3,Ga5b7]}) 26. Rxb6 axb6 $132 27. Re3 f5 ({The simplest way to equality
was.} 27... Bc6 $5 28. Nd6 Rd8 29. Bxc6 Nxc6 30. Ne4 f5 31. Ng5 h6 32. Nf3 $11)
28. Bf3 f4 (28... Bc6 $5) 29. Rd3 Nf5 $6 30. b3 Be8 31. gxf4 Ke7 (31... Nd4 32.
Nd6 Ke7 33. Nxe8 Rxe8 34. Bd1 Rg8 35. Rg3 $16) 32. Kd2 $6 (32. b4 $5 cxb4 33.
axb4 Rc8 34. c5 Bb5 35. Rc3 $16) 32... Nd4 33. Be4 Bd7 34. b4 Bc8 35. bxc5 Bxb7
36. cxb6 $2 {Risky continuation which could cost white a game,but eventually
payed off!} (36. Bxb7 $5 bxc5 37. Bf3 Rb2+ 38. Ke1 Nxf3+ 39. Rxf3 Rc2 $15)
36... Bxe4 37. Rxd4 f5 $5 (37... Bc6 $6 38. c5 Ra8 39. a4 Ra5 (39... Rd8 40.
Kc3) (39... Ke8 $5) 40. Rb4 Bb7 41. c6 Bxc6 42. b7 Bxb7 43. Rxb7+ Kf6 44. Rb4
Rh5 $14) 38. c5 Rc8 $1 (38... Ra8) 39. Rc4 Rd8+ $2 {Mistake after which the
position becomes equal again,but unfortunatly for the black not the last one.}
(39... Kd7 $1 40. Kc3 (40. a4 Kc6 41. Kc3 Bd5 42. Rb4 Kxc5 43. a5 Bb7 $17)
40... Bd5 $1 41. a4 (41. Kb4 Bxc4 42. Kxc4 Kc6 43. a4 Rd8 44. a5 Rd5 $19) 41...
Kc6 42. Rb4 (42. a5 Kb5 43. b7 $8 Bxb7 (43... Rb8 $2 44. c6 $1 Bxc6 45. a6 Kxa6
(45... Bxb7 46. axb7 Rxb7 47. Rb4+ Kc6 48. Rxb7 Kxb7 49. Kd4 $18) 46. Rxc6+
Kxb7 47. Rxe6 $16) 44. Rb4+ Ka6 45. Rb6+ Ka7 46. Kc4 Bc6 $17) 42... Kxc5 43. a5
Bb7 $17) 40. Kc3 Rd3+ 41. Kb4 Kd7 42. a4 Kc6 43. a5 Bd5 (43... Kb7 $5) 44. a6
Bxc4 45. a7 Rd8 $2 {This mistake gives white the decisive advantage (even
though he doesn't immideatly find the correct way!).} (45... Rb3+ $1 46. Kxc4
Ra3 47. Kb4 (47. Kd4 Ra5 $11) 47... Ra1 $11) 46. Kxc4 $18 h5 47. h4 Rc8 48. Kb4
Rg8 49. Ka5 $6 Rd8 50. Kb4 $1 {Admitting the mistake.} (50. Ka6 $2 Kxc5 51. b7
Rd6+ 52. Ka5 Rd1 53. Ka4 Kc4 54. Ka3 Kc3 55. Ka2 Rd2+ 56. Ka3 Rd1 $11) 50...
Kb7 (50... Rg8 51. Kc3 $1 Rd8 52. Kc4 {[%cal Gc4d4,Gd4e5]} Rg8 53. Kd4 Rd8+ 54.
Ke5 $18) 51. Kb5 Rd5 52. f3 Rd1 (52... e5 53. Kc4 $1 (53. fxe5 Rxe5 54. f4 Rd5
55. Kc4 Rd8 56. Kb4 Kc6 $11) 53... Rd4+ 54. Kc3 Rxf4 55. c6+ Ka8 56. c7 Rxf3+
57. Kc4 $18) 53. c6+ Ka8 54. Kc5 $5 (54. c7 Rc1 55. Ka6 Ra1+ 56. Kb5 Kb7 57.
Kc5 $18) 54... Rd5+ 55. Kc4 Rd8 56. b7+ Kxa7 57. c7 1-0

[Event "Novak Nikolic Memorial 2nd"]
[Site "Belgrade"]
[Date "2000.02.06"]
[Round "4"]
[White "Govedarica, Radovan"]
[Black "Zontakh, Andrey"]
[Result "0-1"]
[WhiteElo "2483"]
[BlackElo "2576"]
[Annotator "Finkel,A"]
[PlyCount "86"]
[EventDate "2000.02.02"]
[EventType "tourn"]
[EventRounds "11"]
[EventCountry "YUG"]
[EventCategory "11"]
[SourceTitle "CBM 076"]
[Source "ChessBase"]
[SourceDate "2000.05.31"]
[SourceVersion "1"]
[SourceVersionDate "2000.05.31"]
[SourceQuality "1"]

1. e4 e6 2. d4 d5 3. Nc3 Nf6 4. Bg5 dxe4 5. Nxe4 Be7 6. Bxf6 gxf6 7. Nf3 a6 {
During the last couple of years this variation became quiet popular,mainly
thanks to Morozevich and Shorts.This variation leads to more interesting and
lively struggle than 7...b6.} 8. Bd3 (8. g3 $5) 8... Nd7 (8... b5 9. Qe2 Bb7
10. O-O-O Bd5 11. Kb1 c6 12. Nc3 Nd7 13. Rhe1 Qa5 14. Nxd5 cxd5 $13 {
Stjazhkina,O-Grabuzova,T/49th ch-RUS (women) 1999}) 9. Qe2 $5 b5 (9... f5 10.
Ng3 Nf6 11. O-O-O Qd5 12. Kb1 f4 13. Ne4 Nxe4 14. Bxe4 Qd6 15. Ne5 Bf6 16. Qh5
Bxe5 17. dxe5 $14 {Toth,A-Dobos,J/Szekszard op 1995}) 10. O-O-O Bb7 11. Rhe1
Bd5 12. Kb1 (12. Nc3 c6 13. Nxd5 cxd5 14. Nh4 f5 15. Nf3 $13) 12... c6 13. c4
$5 bxc4 14. Bxc4 a5 15. Rc1 Rb8 16. Rc2 Nb6 17. Bd3 (17. Bxd5 cxd5 18. Nc5 Nc4
19. Ka1 a4 $15) 17... a4 {Black has managed to develop the initiative on the
queenside,but the position of the king on e8 and the rook on h8 make whie's
chanses slightly preferable in the forthcoming struggle.} 18. Nc3 Kf8 19. Nxd5
cxd5 20. Rec1 Kg7 21. Ne1 Rc8 22. Qg4+ (22. f4 $1 Rxc2 (22... f5 23. g4 fxg4
24. Qxg4+ Kf8 25. f5 $36) 23. Rxc2 Qd6 24. Qg4+ Kf8 25. g3 $13) 22... Kf8 23.
Qf4 (23. f4) 23... h6 24. a3 Rxc2 25. Rxc2 Bd6 26. Qd2 Kg7 $15 {While white
was just moving the pieces without any particular purpose black has
significiently improved his position and now keeps the initiative.} 27. Bb5 $6
Qe7 28. Ka2 (28. Qa5 $6 Rb8 29. Rc6 Nc4 $1 $17) 28... Qb7 29. Rc3 Rb8 $17 30.
Ka1 Rc8 31. Rh3 (31. Rxc8 Qxc8 (31... Nxc8 32. Bxa4 Nb6 33. Bb3) 32. Nf3 e5 $15
) 31... Rh8 32. Qd1 Qa7 33. Rc3 Qa5 34. Qe2 Rb8 35. Nc2 $6 ({It was necessary
to play} 35. Bd3 {keeping the chanses to defend.}) 35... Nc8 $1 $19 36. Bd7 (
36. Bd3 Qb6 {[%cal Gb6d4,Gb6b2]}) 36... Ne7 (36... Qb6 37. Ne3) 37. Ne3 Qa7 38.
Bb5 Qxd4 39. Rc2 Bxa3 40. Qg4+ Qxg4 41. Nxg4 Rxb5 42. bxa3 Rb3 43. Ka2 Nf5 0-1

[Event "Novak Nikolic Memorial 2nd"]
[Site "Belgrade"]
[Date "2000.02.13"]
[Round "11"]
[White "Velimirovic, Dragoljub"]
[Black "Zontakh, Andrey"]
[Result "1/2-1/2"]
[WhiteElo "2558"]
[BlackElo "2576"]
[Annotator "Finkel,A"]
[PlyCount "100"]
[EventDate "2000.02.02"]
[EventType "tourn"]
[EventRounds "11"]
[EventCountry "YUG"]
[EventCategory "11"]
[SourceTitle "CBM 076"]
[Source "ChessBase"]
[SourceDate "2000.05.31"]
[SourceVersion "1"]
[SourceVersionDate "2000.05.31"]
[SourceQuality "1"]

1. e4 e6 2. d4 d5 3. Nc3 Nf6 4. Bg5 dxe4 5. Nxe4 Be7 6. Bxf6 gxf6 7. Qd3 $5 b6
8. Be2 $6 {White can hardly hope to get an opening advantage with such play.
More in the spirit of the position is 8.0-0-0 with complicated struggle} (8.
O-O-O Bb7 9. Nc3 (9. Qf3 c6 10. Bc4 Na6 11. Qh5 Nc7 12. Nf3 Nd5 13. Rhe1 Rf8
14. Qxh7 $16 {Velimirovic,D-Stamenkovic,Z/JUG-ch52 1997}) 9... c6 10. Qg3 (10.
f4 f5 11. g4 fxg4 12. f5 Qd6 13. fxe6 fxe6 14. h3 Nd7 15. hxg4 O-O-O $132 {
Magem Badals,J-Gurevich,M/ch-FRA (team) 1999}) 10... Kf8 (10... f5 11. Nf3 Nd7
12. Bc4 Nf6 13. Ne5 Rg8 14. Qh3 b5 15. Bb3 $16 {Magem Badals,J-Herraiz,H/
ESP-chT 1995}) 11. Qh3 h6 12. Bc4 Qd6 13. Nge2 b5 14. Ne4 Qc7 15. Bb3 Nd7 16.
f4 $36 {Rainfray,A-Touzane,O/ch-FRA (team) 1999}) (8. g4) 8... Nc6 9. O-O-O Bb7
10. Bf3 Qd7 11. Nc3 (11. a3 O-O-O 12. Ne2 f5 13. N4c3 Bf6 $13) 11... O-O-O 12.
Nge2 Nb4 {Logical move without which black can do nothing on the queenside and
sooner or later black had to change the bishops.} 13. Bxb7+ Kxb7 14. Qf3+ c6
15. Nf4 f5 16. Kb1 Bd6 17. a3 Nd5 (17... Na6 $6) 18. Ncxd5 cxd5 19. Nh5 (19.
Nd3 $5 h5 $1) 19... Rc8 20. h3 Rc4 21. g4 Rhc8 22. Rd2 (22. c3 $2 Bxa3 23. bxa3
Rxc3 24. Qe2 Rb3+ 25. Ka2 Qa4 $19) 22... Qb5 23. Qb3 $5 (23. gxf5 $2 Rc3 24.
Qe2 R8c4 25. a4 Qa5 $1 26. bxc3 Rxa4 $19) 23... Qa5 {Increasing the pressure
on the queenside.} (23... Qxb3 $6 24. cxb3 R4c6 25. gxf5 exf5 26. Rg1 $5 Bf8 $1
$13 (26... Bc7 $6 {[%cal Gc6h6]} 27. Rg7 $5 (27. f4) 27... Rh6 28. Ng3 f4 29.
Nf5 Rxh3 30. Rxf7 $16 {[%cal Gf5d6,Gd2c2]})) 24. Rd3 f4 ({Nothing promises} 
24... Rxc2 25. Qxc2 Rxc2 26. Kxc2 Qa4+ 27. Kb1 Qc4 28. Rhd1 fxg4 29. hxg4 $13 {
and only white can be better.}) 25. c3 $6 Ra4 $6 ({Missing or may be misjudging
} 25... Bxa3 $1 26. Nxf4 (26. Qxa3 $2 Ra4 27. Qb3 Ra1+ 28. Kc2 Rxh1 $19) (26.
bxa3 Rxc3 27. Rxc3 Rxc3 28. Qb2 Rxa3 $19 {[%cal Ga5a4]}) 26... Bd6 27. Ne2 Ra4
28. Rhd1 b5 $36 {[%cal Gb5b4] with clearly better chanses for black.}) 26. Kc2
b5 27. g5 (27. Nf6) 27... Qb6 28. Kb1 Rac4 29. Rf3 Qc7 30. Nf6 ({Of course not
} 30. Qxb5+ $2 Ka8 31. Qb3 (31. Qa6 Qb8 $1 {[%csl Ra6]} 32. Nf6 R8c6 33. Qa5
Bc7 $19) (31. Nf6 Rb8 32. Qd7 Bxa3 33. Qxc7 Rxc7 34. b4 a5 $17) 31... Rb8 32.
Qc2 Bxa3 33. b3 Ra4 $1 34. Nxf4 Qc4 $1 $19 {in any case with decisive
advantage for white.}) 30... Kb6 31. h4 a5 32. h5 (32. Kc2 $2 Rxd4) 32... b4
$132 33. Nxh7 a4 $5 34. Qxa4 bxa3 35. b4 $1 {Giving up the pawns,but creating
for a king the safe shelter on a2.} (35. Qb3+ Ka7 $40 {[%cal Gc8b8]}) 35...
Bxb4 36. Ka2 Ba5 (36... Bxc3 $4 37. Rb1+ Bb2 38. Rb3+ $18) 37. Rb1+ Ka7 38. Qb5
(38. Rb4 $2 Rxb4 39. cxb4 Qc4+ 40. Rb3 (40. Qb3 Qe2+ 41. Kxa3 Bxb4+ $1 $19)
40... Qc2+ 41. Kxa3 Qc1+ 42. Rb2 Qa1+ 43. Kb3 Rc3+ $19) 38... Rxc3 39. Rxc3
Bxc3 40. Nf6 Qc4+ {Black doesn't have other options,but after this move the
game comes by force to a peacefull finish.} (40... Bxd4 $4 41. Qa4+) 41. Qxc4
dxc4 42. Ne4 Bb2 43. Nd6 Rc6 (43... Rg8) 44. Nb5+ Ka6 45. Nxa3 $11 Bxd4 46. Nc2
Bc3 47. Nb4+ Bxb4 48. Rxb4 Rc5 49. g6 fxg6 50. hxg6 Rg5 1/2-1/2

[Event "YUG-ch 55th"]
[Site "Subotica"]
[Date "2000.03.17"]
[Round "2"]
[White "Perunovic, Milos"]
[Black "Antic, Dejan"]
[Result "0-1"]
[WhiteElo "2384"]
[BlackElo "2491"]
[Annotator "Finkel,A"]
[PlyCount "138"]
[EventDate "2000.03.16"]
[EventType "tourn"]
[EventRounds "15"]
[EventCountry "YUG"]
[EventCategory "10"]
[SourceTitle "CBM 076"]
[Source "ChessBase"]
[SourceDate "2000.05.31"]
[SourceVersion "1"]
[SourceVersionDate "2000.05.31"]
[SourceQuality "1"]

1. e4 e6 2. d4 d5 3. Nc3 Nf6 4. Bg5 dxe4 5. Nxe4 Be7 6. Bxf6 gxf6 7. Nf3 a6 8.
Qd2 $5 {This logical move is,on my opinion,one of the best ways to meet
seven's move of black (This game may be slightly misleading in this sense!)} (
8. Bd3 Nd7 (8... b5 9. Qe2 Bb7 10. O-O-O Bd5 11. Kb1 c6 12. Nc3 Nd7 13. Rhe1
Qa5 14. Nxd5 cxd5 $13 {Stjazhkina,O-Grabuzova,T/49th ch-RUS (women) 1999}) 9.
Qe2 f5 (9... b5 10. O-O-O Bb7 11. Rhe1 Bd5 12. Kb1 c6 13. c4 bxc4 14. Bxc4 a5
15. Rc1 Rb8 $13 {Govedarica,R-Zontakh,A/Novak Nikolic mem 2nd 2000}) 10. Ng3
Nf6 11. O-O-O Qd5 12. Kb1 f4 13. Ne4 Nxe4 14. Bxe4 Qd6 15. Ne5 $14 {Toth,
A-Dobos,J/Szekszard op 1995}) 8... f5 9. Ng3 Nd7 10. Nh5 (10. Qh6 $5 Nf6 11.
Bd3 Ng4 12. Qd2 $14) 10... h6 $5 11. O-O-O Nf6 12. Nxf6+ $6 {Losing a track.
White should avoid exchanging the knights and it would leave the opening
advantage in his hands.} (12. Nf4 Ne4 13. Qe3 $14) 12... Bxf6 13. Kb1 $6 {
Another inaccuracy,this time putting white on defensive.Better was} (13. Bc4 b5
14. Bb3 Bb7 15. Qe3 Bd5 16. h3 $13 {with uncear position.}) 13... b5 14. g3 Bb7
15. Bg2 Qd6 16. Rhe1 O-O-O 17. Bh1 $2 {There was no need to give up a pawn,but
even after the move in the game case white's defensive resaurses are huge.} (
17. c3 c5 18. Qe3 cxd4 19. cxd4 Be4+ 20. Ka1 Kb8 $15) 17... Bxf3 18. Bxf3 Qxd4
19. Qxd4 Bxd4 $5 (19... Rxd4 20. c3 Rd6 $5 (20... Rxd1+ 21. Rxd1 h5 22. h4 $5 (
22. Kc2) 22... f4 23. gxf4 Bxh4 24. Rh1 Bxf2 25. Rxh5 Rd8 26. f5 $15)) 20. Rd2
Bc5 $1 {[%csl Rf2]} 21. Rxd8+ (21. Red1 Rxd2 22. Rxd2 Rd8 $2 23. Bb7+ Kxb7 24.
Rxd8 Bxf2 25. Kc1 $14) 21... Rxd8 22. Bh5 Rd7 23. f4 $2 {[%csl Rf4,Rg3,Rh2]
From now on all white pawns on the kingside will become a target for black
pieces,which will actually decide the game in black's favour.} Kd8 24. c3 (24.
Rd1 Rxd1+ 25. Bxd1 Bg1 26. h3 Bh2 $19) 24... Ke7 25. Kc2 Rd8 26. Rd1 Rg8 $1 (
26... Rxd1 $2 $11 27. Kxd1 Bg1 28. Ke2 Bxh2 $2 29. Kf2 $18 {[%csl Rh2]}) 27.
Bf3 (27. Kd3 $5) 27... h5 $1 28. b4 (28. Bxh5 Rh8 29. Bf3 Rxh2+ 30. Rd2 Bf2 (
30... Rh3 31. Rg2) 31. g4 Kf6 $5 $17) 28... Bd6 29. Bb7 Rb8 30. Bc6 (30. Bxa6
Rb6 31. Bc8 Kd8 $19) 30... h4 31. Re1 (31. a4 Rb6 32. axb5 axb5 33. Bf3 Ra6 34.
Rb1 $15) 31... Rb6 32. Bf3 c5 33. a3 Rb8 34. Re3 Kd7 35. Bh5 Ke7 36. Bf3 Rh8
37. Bb7 hxg3 38. hxg3 Rb8 39. Bf3 Kd7 40. Bh5 Ke7 41. Bf3 Rh8 42. Bb7 Rh2+ $5
43. Kb1 (43. Kb3 $4 c4#) 43... Kd7 44. Bxa6 Kc6 45. c4 $2 {This move is just a
suicide.After logical} (45. Rd3 {white should hold this ending.}) 45... bxc4
46. Bxc4 cxb4 47. axb4 Bxb4 48. Bb3 Kd6 49. Rd3+ Ke7 50. Kc1 Rh1+ 51. Kc2 (51.
Rd1 Rh3 52. Rg1 Rh2 $17) 51... Be1 $19 {[%csl Rf4,Rg3] Now everything is over:
white can't defend the pawns g3 and f4 and black easily wins the game.} 52. Re3
Kf6 53. Kd3 Rg1 54. Ke2 Bxg3 55. Rf3 Bh2 56. Rf2 Rb1 57. Bc2 Rb2 58. Kf3 Bg1
59. Rg2 Ba7 60. Kg3 Rb4 61. Re2 Bb8 62. Rf2 Rxf4 $1 63. Rxf4 Kg5 64. Kf3 Bxf4
65. Bb3 Bc1 66. Bc4 Kf6 67. Bb3 e5 68. Bd5 e4+ 69. Ke2 Ke7 0-1

[Event "FRA-chT poule basse"]
[Site "France"]
[Date "2003.05.10"]
[Round "11.3"]
[White "Van den Doel, Erik"]
[Black "Mullon, Jean Baptiste"]
[Result "1-0"]
[WhiteElo "2588"]
[BlackElo "2313"]
[Annotator "Finkel,A"]
[PlyCount "101"]
[EventDate "2003.05.07"]
[EventType "team"]
[EventRounds "4"]
[EventCountry "FRA"]
[SourceTitle "CBM 095"]
[Source "ChessBase"]
[SourceDate "2003.07.25"]
[SourceVersion "1"]
[SourceVersionDate "2003.07.25"]
[SourceQuality "1"]
[WhiteTeam "Vandoeuvre"]
[BlackTeam "Sautron"]
[WhiteTeamCountry "FRA"]
[BlackTeamCountry "FRA"]

1. e4 e6 2. d4 d5 3. Nc3 Nf6 4. Bg5 dxe4 5. Nxe4 Be7 6. Bxf6 Bxf6 7. Nf3 Nd7 (
7... Nc6) 8. Bc4 a6 9. Qe2 b5 10. Bb3 O-O 11. O-O-O Bb7 12. d5 $6 {White's
previous play was directed for this move, however it doesn't promise white any
opening advantage and white has to look in different direction to pose black
opening problems in this line.} exd5 (12... e5 $2 13. Rhe1 Be7 14. d6 cxd6 15.
Nxd6 Bxd6 16. Rxd6 Bxf3 17. Qxf3 Ra7 18. Qe3 $16 {Kindermann,S-Roth,P/Vienna
1996}) 13. Bxd5 c6 14. Bb3 Qc7 15. Rhe1 (15. Kb1 a5 16. Qd3 Rad8 17. Neg5 Bxg5
$2 (17... g6) 18. Nxg5 Nf6 19. Bxf7+ Kh8 20. Qh3 Rxd1+ 21. Rxd1 $16 {Veresov,
G-Gromek,J/Soviet Union 1955}) (15. Nd6 Nc5 16. Rd2 a5 17. Qe3 Nxb3+ 18. cxb3
Rad8 19. Rhd1 Bc8 20. Nxc8 Qxc8 21. Rxd8 {1/2-1/2 Anand,V-Radjabov,T/Dubai 2002
}) 15... c5 $1 $11 {This move wasn't tried before, however after this game I'm
pretty sure black will play it if it comes to this position, since black gets
very comfortable play to say the least.} (15... Be7 $2 16. Neg5 Bxg5+ 17. Nxg5
Nf6 18. Qe7 Qf4+ 19. Qe3 Qxe3+ 20. Rxe3 Nd5 21. Bxd5 cxd5 22. Re7 $16 {Lutz,
C-Dizdar,G/Austria 2002}) 16. Bd5 Bxd5 17. Rxd5 Be7 18. Kb1 Nf6 {Black is
playing for a draw.} (18... Nb6 19. Re5 (19. Rh5 g6 20. Rh3 Nd5 21. g3 Qd7 $15)
19... Nc4 20. Rh5 Rad8 21. Nc3 Bd6 22. Nd5 $13) 19. Nxf6+ Bxf6 20. Qe3 Rac8 (
20... c4 21. g4 (21. Ne5) 21... g6 22. h4 Rfd8 23. Rxd8+ Rxd8 24. c3 $13) 21.
Ne5 Rfe8 22. f4 Bxe5 $6 {There was no urgent need to give up a bishop for the
knight.} (22... c4 23. c3 Rcd8 24. Rxd8 Qxd8 $11) 23. Rxe5 Rxe5 24. Qxe5 Qxe5 (
24... Qd7) 25. Rxe5 $14 Kf8 (25... c4 26. Kc1 Rd8 27. a4 $5 {[%csl Rb5]} f6 28.
Re6 $16) 26. c4 $1 b4 $6 {[%cal Gb1c2,Gc2a4] After this careless move black is
starting to face serious problems.} (26... Re8 $1 27. Rxc5 (27. Rxe8+ Kxe8 28.
cxb5 axb5 29. b3 b4 $11) 27... Re1+ 28. Kc2 bxc4 29. Rd5 (29. Rxc4 Re2+ 30. Kc3
Rxg2 31. Ra4 Rxh2 32. Rxa6 h5 $13) 29... Rh1 30. h3 Rf1 $132) 27. Kc2 Rc6 28.
Kb3 g6 29. a3 bxa3 30. Kxa3 $14 {[%csl Ra6,Rc5]} h5 31. f5 Kg7 32. fxg6 fxg6
33. h4 Kf6 34. Rd5 Re6 $2 {I don't see how white can make progress after} (
34... Ke6 35. Ka4 Rc7 36. b3 Rc8 37. Ka5 Rc6 {since pawns endgame arising after
} 38. Rd8 Kf5 39. Rb8 Kg4 40. Rb6 Rxb6 41. Kxb6 Kxh4 42. Kxc5 Kg3 $11 {is
drawish.}) 35. Rxc5 Re4 (35... Re2 36. Rc6+ Kf5 37. Rxa6 Rxg2 38. c5 $18) 36.
Rc6+ Kf5 37. Rxa6 $18 {Now it's just over.} Rxc4 38. Ra5+ $1 Kf6 (38... Kg4 39.
Ra4 Rxa4+ 40. Kxa4 Kxh4 41. b4 Kg3 42. b5 Kxg2 43. b6 h4 44. b7 h3 45. b8=Q h2
46. Qb2+ $18) 39. Ra4 Rc2 40. g4 hxg4 41. Rxg4 Rh2 42. b4 Kf5 43. Rc4 Ke5 44.
Ka4 Rg2 45. Rc5+ Kd4 46. Rg5 Rh2 47. Rxg6 Rxh4 48. b5 Kc5+ 49. Ka5 Rh8 50. Ka6
Ra8+ 51. Kb7 1-0